Inequality: issues and indices (Record no. 403145)

000 -LEADER
fixed length control field 00396cam a22001577a 4500
008 - FIXED-LENGTH DATA ELEMENTS--GENERAL INFORMATION
fixed length control field 180718b2004 xxu||||| |||| 00| 0 eng d
020 ## - INTERNATIONAL STANDARD BOOK NUMBER
International Standard Book Number 8173916489
082 ## - DEWEY DECIMAL CLASSIFICATION NUMBER
Classification number T19 C392
100 ## - MAIN ENTRY--PERSONAL NAME
Personal name Chaubey, P.K.
245 ## - TITLE STATEMENT
Title Inequality: issues and indices
Statement of responsibility, etc. by P.K. Chaubey
260 ## - PUBLICATION, DISTRIBUTION, ETC.
Place of publication, distribution, etc. New Delhi
Name of publisher, distributor, etc. Kanishka
Date of publication, distribution, etc. 2004
300 ## - PHYSICAL DESCRIPTION
Extent 140p.
650 ## - SUBJECT ADDED ENTRY--TOPICAL TERM
Topical term or geographic name entry element Equations
650 ## - SUBJECT ADDED ENTRY--TOPICAL TERM
Topical term or geographic name entry element Economics
650 ## - SUBJECT ADDED ENTRY--TOPICAL TERM
Topical term or geographic name entry element Equality
Holdings
Withdrawn status Lost status Damaged status Not for loan Permanent Location Current Location Date acquired Full call number Barcode Date last seen Price effective from Koha item type
        Indian Institute of Public Administration Indian Institute of Public Administration 2011-08-19 T19 C392 83577 2018-07-21 2018-07-21 Book

Powered by Koha